[Event "GER-chT U12"]
[Site "Magdeburg"]
[Date "2023.12.29"]
[Round "5.6"]
[White "Meitzner, Jonathan Franz"]
[Black "Mehner, Clara"]
[Result "1-0"]
[WhiteElo "1409"]
[BlackElo "1387"]
[PlyCount "63"]
[EventDate "2023.12.26"]
[EventType "team-swiss"]
[EventRounds "7"]
[EventCountry "GER"]
[SourceTitle "CB03_2024"]
[SourceDate "2024.01.17"]
[SourceVersion "1"]
[SourceVersionDate "2024.01.17"]
[SourceQuality "1"]
[WhiteTeam "Eichsfeld"]
[BlackTeam "Chemnitz USG"]
[WhiteTeamCountry "GER"]
[BlackTeamCountry "GER"]

1. e4 e6 2. d4 d5 3. Nd2 Nf6 4. e5 Nfd7 5. c3 c5 6. Bd3 Nc6 7. Ne2 Be7 8. 0-0 0-0 9. Re1 Re8 10. Nf3 cxd4 11. cxd4 f6 12. exf6 Bxf6 13. Nf4 Nf8 14. Bc2 Bd7 15. Be3 Qb6 16. Rb1 Rac8 17. a3 Rc7 18. b4 Rec8 19. Bd3 Kh8 20. Nh5 Be7 21. Bf4 e5 22. Nxe5 Nxe5 23. Bxe5 Bd6 24. Bxg7+ Kg8 25. Be5 Bxe5 26. Rxe5 Ng6 27. Rxd5 Qe6 28. Rc5 Qd6 29. Rbc1 Rxc5 30. dxc5 Qe7 31. Bxg6 hxg6 32. Qxd7 1-0

[Event "GER-ch U10"]
[Site "Willingen"]
[Date "2023.06.02"]
[Round "10"]
[White "Meitzner, Jonathan Franz"]
[Black "Hoppe, Arthur"]
[Result "1/2-1/2"]
[WhiteElo "1314"]
[BlackElo "1430"]
[PlyCount "52"]
[EventDate "2023.05.27"]
[EventType "swiss"]
[EventRounds "11"]
[EventCountry "GER"]
[SourceTitle "CBM 214 Extra"]
[Source "ChessBase"]
[SourceDate "2023.07.31"]
[SourceVersion "1"]
[SourceVersionDate "2023.07.31"]
[SourceQuality "1"]

1. e4 e6 2. d3 d5 3. Nd2 Nf6 4. g3 Be7 5. Bg2 c5 6. Ngf3 Nc6 7. 0-0 0-0 8. h3 Qc7 9. b3 Rd8 10. Qe2 d4 11. Nc4 e5 12. a4 Ne8 13. Ba3 b6 14. Rfc1 Be6 15. Nfd2 Nd6 16. Nxd6 Qxd6 17. Nf3 Qd7 18. Kh2 Rac8 19. Nxe5 Nxe5 20. f4 f6 21. fxe5 fxe5 22. Rf1 Rf8 23. Qh5 Bf6 24. Bc1 Bf7 25. Qf5 Be6 26. Qh5 Bf7 1/2-1/2

[Event "GER-ch U10"]
[Site "Willingen"]
[Date "2023.06.02"]
[Round "9"]
[White "Shivkumar, Shreyas"]
[Black "Meitzner, Jonathan Franz"]
[Result "0-1"]
[WhiteElo "1394"]
[BlackElo "1314"]
[PlyCount "100"]
[EventDate "2023.05.27"]
[EventType "swiss"]
[EventRounds "11"]
[EventCountry "GER"]
[SourceTitle "CBM 214 Extra"]
[Source "ChessBase"]
[SourceDate "2023.07.31"]
[SourceVersion "1"]
[SourceVersionDate "2023.07.31"]
[SourceQuality "1"]

1. e4 c5 2. Nf3 d6 3. d4 cxd4 4. Nxd4 Nf6 5. Nc3 a6 6. Be3 e5 7. Nb3 Be7 8. f3 0-0 9. Qd2 Nbd7 10. 0-0-0 Nb6 11. h4 Be6 12. g4 Rc8 13. Bxb6 Qxb6 14. Nd5 Bxd5 15. exd5 Qc7 16. h5 Nxg4 17. c3 h6 18. Kb1 Bg5 19. Qe2 Ne3 20. Rd3 Nf5 21. Rg1 Qb6 22. Qh2 a5 23. Bh3 g6 24. Nd2 Bf4 25. Qg2 Nh4 26. Qg4 g5 27. Rd1 f5 28. Qg1 Qxg1 29. Rxg1 Bxd2 30. Rxd2 Nxf3 31. Rdg2 Nxg1 32. Rxg1 g4 33. Bf1 Kf7 34. Bb5 Rc7 35. Rf1 f4 36. Bd3 Rg8 37. Bf5 Rg5 38. Bg6+ Rxg6 39. hxg6+ Kxg6 40. Kc2 Rc5 41. Kd3 Rxd5+ 42. Ke2 h5 43. Rg1 Kg5 44. Ke1 h4 45. Ke2 h3 46. Ke1 h2 47. Rh1 g3 48. Kf1 Rd1+ 49. Kg2 Rxh1 50. Kxh1 Kh4 0-1

[Event "GER-ch U10"]
[Site "Willingen"]
[Date "2023.05.29"]
[Round "3"]
[White "Meitzner, Jonathan Franz"]
[Black "Steinbrenner, Peter"]
[Result "1-0"]
[WhiteElo "1314"]
[BlackElo "1601"]
[PlyCount "109"]
[EventDate "2023.05.27"]
[EventType "swiss"]
[EventRounds "11"]
[EventCountry "GER"]
[SourceTitle "CBM 214 Extra"]
[Source "ChessBase"]
[SourceDate "2023.07.31"]
[SourceVersion "1"]
[SourceVersionDate "2023.07.31"]
[SourceQuality "1"]

1. e4 e5 2. Nf3 Nc6 3. Bc4 Nf6 4. d4 exd4 5. 0-0 d6 6. Nxd4 Nxd4 7. Qxd4 Be7 8. Nc3 0-0 9. Bf4 Bg4 10. h3 Bh5 11. Rfe1 a6 12. Nd5 Re8 13. Nxf6+ Bxf6 14. Qd5 Bg6 15. Qxb7 Rb8 16. Qd5 Bxb2 17. Rab1 Bc3 18. Rxb8 Qxb8 19. Re3 Be5 20. Bxe5 Rxe5 21. Qc6 a5 22. Rb3 Qd8 23. Bd5 h6 24. Rb7 Qg5 25. Rb1 Qe7 26. f3 Rg5 27. Qa8+ Kh7 28. Rb8 Bh5 29. Rh8+ Kg6 30. f4 Rg3 31. Qg8 Kf6 32. Rxh6+ gxh6 33. Qxg3 Qf8 34. Qh4+ Kg6 35. f5+ Kh7 36. Qxh5 Kg7 37. Qg4+ Kh7 38. f6 a4 39. Qh5 Kg8 40. Qg6+ Kh8 41. Qxf7 Qxf7 42. Bxf7 h5 43. Bxh5 a3 44. f7 Kg7 45. Kf2 c5 46. Kf3 c4 47. Kf4 c3 48. Kg5 Kf8 49. Kf5 d5 50. exd5 Ke7 51. d6+ Kf8 52. d7 Kg7 53. d8Q Kh7 54. Bg6+ Kg7 55. f8Q# 1-0

[Event "GER-ch U10"]
[Site "Willingen"]
[Date "2023.05.28"]
[Round "1"]
[White "Meitzner, Jonathan Franz"]
[Black "Gruner, Cornelius"]
[Result "1-0"]
[WhiteElo "1314"]
[BlackElo "1279"]
[PlyCount "75"]
[EventDate "2023.05.27"]
[EventType "swiss"]
[EventRounds "11"]
[EventCountry "GER"]
[SourceTitle "CBM 214 Extra"]
[Source "ChessBase"]
[SourceDate "2023.07.31"]
[SourceVersion "1"]
[SourceVersionDate "2023.07.31"]
[SourceQuality "1"]

1. e4 e5 2. Nf3 Nc6 3. Bc4 Bc5 4. c3 d6 5. d4 exd4 6. cxd4 Bb4+ 7. Bd2 Qe7 8. 0-0 Bxd2 9. Nbxd2 h5 10. Qb3 h4 11. h3 Bd7 12. Qxb7 Rc8 13. Bb5 Rb8 14. Qa6 Nb4 15. Bxd7+ Qxd7 16. Qxa7 Nc6 17. Qa3 f6 18. Rfe1 g5 19. e5 Kf7 20. e6+ Qxe6 21. Rxe6 Kxe6 22. d5+ Kxd5 23. Qd3+ Ke6 24. Qc4+ Kd7 25. Rc1 Rb6 26. Qf7+ Nge7 27. Ne4 Rxb2 28. Nxf6+ Kc8 29. Qe6+ Kb7 30. Nd5 Nxd5 31. Qxd5 Rb6 32. Nd4 Re8 33. Nxc6 Rxc6 34. Qxc6+ Ka7 35. Qxc7+ Ka8 36. Rb1 Re1+ 37. Rxe1 g4 38. Re8# 1-0

[Event "GER-ch U08"]
[Site "Willingen"]
[Date "2022.06.09"]
[Round "4"]
[White "Becker, Linus"]
[Black "Meitzner, Jonathan Franz"]
[Result "1-0"]
[WhiteElo "1233"]
[BlackElo "1172"]
[PlyCount "89"]
[EventDate "2022.06.07"]
[EventType "swiss"]
[EventRounds "7"]
[EventCountry "GER"]
[SourceTitle "EXT 2023"]
[Source "ChessBase"]
[SourceDate "2022.10.05"]
[SourceVersion "1"]
[SourceVersionDate "2022.10.05"]
[SourceQuality "1"]

1. e4 e5 2. Nf3 Nc6 3. Bc4 Bc5 4. c3 Nf6 5. d4 exd4 6. cxd4 Bb4+ 7. Nc3 Nxe4 8. 0-0 Bxc3 9. bxc3 d5 10. Bd3 0-0 11. Qc2 Re8 12. Re1 Bf5 13. Bf4 f6 14. Re2 Qd7 15. Rae1 Re7 16. a3 Rae8 17. c4 dxc4 18. Bxe4 Bxe4 19. Rxe4 Qf5 20. Qxc4+ Kf8 21. Rxe7 Rxe7 22. Rxe7 Nxe7 23. Be3 g5 24. h3 h5 25. Qxc7 g4 26. hxg4 Qxg4 27. Qg3 Qe4 28. Qb8+ Kf7 29. Qxa7 Nf5 30. Qb8 Nxe3 31. fxe3 Qxe3+ 32. Kh2 Qxa3 33. Qxb7+ Kg6 34. Qe4+ Kh6 35. Nh4 Kg5 36. Qg6+ Kf4 37. Qxf6+ Kg4 38. Qf3+ Qxf3 39. Nxf3 Kf5 40. Kh3 Kg6 41. Kh4 Kh6 42. d5 Kg6 43. d6 Kf6 44. d7 Ke7 45. Ne5 1-0